MARC

LEADER 00000naa2a2200000 4500
001 629403
005 20231101133547.0
035 |a (RuTPU)RU\TPU\conf\30013 
035 |a RU\TPU\conf\30012 
090 |a 629403 
100 |a 20190620d2019 k y0rusy50 ca 
101 0 |a rus 
102 |a RU 
105 |a y z 101zy 
135 |a drgn ---uucaa 
181 0 |a i  
182 0 |a b 
200 1 |a Изучение фракций гуминовых кислот спектральными методами  |f А. В. Цупко [и др.]  |g науч. рук. М. В. Белоусов 
203 |a Текст  |c электронный 
225 1 |a Химия и химическая технология органических веществ и материалов 
230 |a 1 компьютерный файл (pdf; 601 Kb) 
300 |a Заглавие с экрана 
463 0 |0 (RuTPU)RU\TPU\conf\29907  |t Химия и химическая технология в XXI веке  |o материалы XX Международной научно-практической конференции имени профессора Л. П. Кулёва студентов и молодых ученых, 20–23 мая 2019 г., г. Томск  |f Национальный исследовательский Томский политехнический университет  |v [С. 217-218]  |d 2019 
610 1 |a электронный ресурс 
610 1 |a труды учёных ТПУ 
610 1 |a фракции 
610 1 |a гуминовые кислоты 
610 1 |a спектральные методы 
610 1 |a органические соединения 
610 1 |a биологическая активность 
701 1 |a Цупко  |b А. В. 
701 1 |a Братишко  |b К. А. 
701 1 |a Михалев  |b Д. А. 
701 1 |a Зыкова  |b М. В. 
702 1 |a Белоусов  |b М. В.  |4 727 
712 0 2 |a Национальный исследовательский Томский политехнический университет  |b Исследовательская школа химических и биомедицинских технологий (ИШХБМТ)  |c (2017- )  |h 8120  |2 stltpush  |3 (RuTPU)RU\TPU\col\23537 
801 2 |a RU  |b 63413507  |c 20190807  |g RCR 
856 4 |u http://earchive.tpu.ru/handle/11683/55479 
942 |c BK